书目信息 |
| 题名: |
基于Taylor级数迭代的无源定位理论与方法
|
|
| 作者: | 王鼎 , 张莉 著 | |
| 分册: | ||
| 出版信息: | 北京 电子工业出版社 2016.4 |
|
| 页数: | 11,246页 | |
| 开本: | 26cm | |
| 丛书名: | ||
| 单 册: | ||
| 中图分类: | TN971 | |
| 科图分类: | ||
| 主题词: | 无源定位--研究 | |
| 电子资源: | ||
| ISBN: | 978-7-121-28480-9 | |
| 000 | 01365nam0 2200265 450 | |
| 001 | 0400002956 | |
| 005 | 20171021163305.0 | |
| 010 | @a978-7-121-28480-9@dCNY68.00 | |
| 100 | @a20160516d2016 em y0chiy50 ea | |
| 101 | 0 | @achi |
| 102 | @aCN@b110000 | |
| 105 | @ay z 000yy | |
| 106 | @ar | |
| 200 | 1 | @a基于Taylor级数迭代的无源定位理论与方法@9ji yu Taylor ji shu die dai de wu yuan ding wei li lun yu fang fa@f王鼎, 张莉著 |
| 210 | @a北京@c电子工业出版社@d2016.4 | |
| 215 | @a11,246页@d26cm | |
| 312 | @a封底英文题名:The theory and method in passive location based on Taylor-series iteration | |
| 330 | @a本书较全面系统地介绍了基于Taylor级数迭代的无源定位理论与方法。依据现有的研究成果,将无源定位场景分成四大类:第一类是仅存在定位观测量的观测误差而没有系统误差;第二类是观测误差和系统误差同时存在;第三类是观测误差、系统误差和校正源同时存在,并且校正源的位置精确已知;第四类是观测误差、系统误差和校正源同时存在,但是校正源的位置存在测量误差。针对上述四类定位场景,书中分别描述了相应的Taylor级数迭代定位理论与方法,并设计了若干定位算例用以验证算法推导的正确性和理论性能分析的有效性。 | |
| 510 | 1 | @aOry and method in passive location based on Taylor-series iteration@zeng |
| 606 | 0 | @a无源定位@x研究 |
| 690 | @aTN971@v5 | |
| 701 | 0 | @a王鼎@9wang ding@4著 |
| 701 | 0 | @a张莉@9zhang li@4著 |
| 801 | 0 | @aCN@b91MARC@c20171021 |
| 905 | @b1033035-9@dTN971@f5@e32 | |
| 基于Taylor级数迭代的无源定位理论与方法/王鼎, 张莉著.-北京:电子工业出版社,2016.4 |
| 11,246页;26cm |
| ISBN 978-7-121-28480-9:CNY68.00 |
| 本书较全面系统地介绍了基于Taylor级数迭代的无源定位理论与方法。依据现有的研究成果,将无源定位场景分成四大类:第一类是仅存在定位观测量的观测误差而没有系统误差;第二类是观测误差和系统误差同时存在;第三类是观测误差、系统误差和校正源同时存在,并且校正源的位置精确已知;第四类是观测误差、系统误差和校正源同时存在,但是校正源的位置存在测量误差。针对上述四类定位场景,书中分别描述了相应的Taylor级数迭代定位理论与方法,并设计了若干定位算例用以验证算法推导的正确性和理论性能分析的有效性。 |
| ● |
| 相关链接 |
|
|
|
|
正题名:基于Taylor级数迭代的无源定位理论与方法
索取号:TN971/32
 
预约/预借
| 序号 | 登录号 | 条形码 | 馆藏地/架位号 | 状态 | 备注 |
| 1 | 1033035 | 210330355 | 第二样本阅览室/ [索取号:TN971/32] | 在馆 | |
| 2 | 1033036 | 210330364 | 密集书库-物理学院/ [索取号:TN971/32] | 在馆 | |
| 3 | 1033037 | 210330373 | 第三借阅区/ [索取号:TN971/32] | 在馆 | |
| 4 | 1033038 | 210330382 | 第三借阅区/ [索取号:TN971/32] | 在馆 | |
| 5 | 1033039 | 210330391 | 第三借阅区/ [索取号:TN971/32] | 在馆 |